[Event "11e tournoi d'automne - tournoi B"]
[Site "Montigny le Bretonneux"]
[Date "2012.11.01"]
[Round "6.1"]
[White "Conq, Alain"]
[Black "Mabelly, Rudy"]
[Result "1-0"]
[WhiteElo "1853"]
[BlackElo "1789"]
[PlyCount "95"]
[EventDate "2012.10.??"]
[EventType "tourn"]
[EventRounds "9"]
[EventCountry "FRA"]
[SourceDate "2005.09.12"]

{Gambit dame, défense semi-slave} 1. d4 d5 2. c4 c6 3. Nc3 Nf6 4. Nf3 Nbd7 5.
e3 e6 6. Bd3 a6 7. a4 Bb4 8. O-O Qe7 9. Na2 Bd6 10. Bd2 e5 11. dxe5 Nxe5 12.
Nxe5 Qxe5 13. g3 Bg4 14. Be2 Bh3 15. Re1 Qe4 16. f3 Qg6 17. f4 O-O 18. cxd5
cxd5 19. Bf3 Ne4 20. Bxe4 Qxe4 21. Qe2 Rac8 22. Nc3 Qe6 23. Qf3 Rfd8 24. Rac1
Bb4 25. Nb1 Rxc1 26. Rxc1 Bg4 27. Qf2 Qe4 28. Bxb4 Qxb4 29. Nc3 Rc8 30. Qd2 Bh3
31. Rd1 Bg4 32. Nxd5 Qd6 33. Nc3 Qe7 34. Re1 Rd8 35. Qf2 Rd3 36. e4 Qd8 37. Nd5
Qa5 38. Rc1 Qxa4 39. Nc3 Qc6 40. f5 Qh6 41. Ne2 Rd8 42. Nf4 Qg5 43. Qb6 Qe7 44.
Nd5 Qg5 45. Rc2 h5 46. h4 Qh6 47. Qxd8+ Kh7 48. Rc8 1-0

[Event "11e tournoi d'automne - tournoi B"]
[Site "Montigny le Bretonneux"]
[Date "2012.11.01"]
[Round "6.2"]
[White "Duval, Dominique"]
[Black "Rousseau, Philippe"]
[Result "0-1"]
[WhiteElo "1770"]
[BlackElo "1843"]
[PlyCount "76"]
[EventDate "2012.10.??"]
[EventType "tourn"]
[EventRounds "9"]
[EventCountry "FRA"]
[SourceDate "2005.09.12"]

{Partie du pion dame} 1. d4 e6 2. Nf3 d5 3. e3 Nf6 4. Bd3 c5 5. b3 cxd4 6. exd4
Nc6 7. Bb2 Be7 8. Nbd2 Bd7 9. O-O Rc8 10. a3 O-O 11. Ne5 Bd6 12. f4 Be8 13. Qf3
Bxe5 14. fxe5 Nd7 15. Qh3 h6 16. Rf2 Ne7 17. Raf1 Rc6 18. g4 Ng6 19. Bc1 Qh4
20. Qg2 Ndxe5 21. dxe5 Nxe5 22. Nf3 Nxf3+ 23. Rxf3 Qd8 24. Bd2 e5 25. Bb5 Qb6+
26. Kh1 Qxb5 27. Bb4 Rg6 28. Qf2 f6 29. Bxf8 Kxf8 30. Rg3 d4 31. h4 Qd5+ 32.
Kh2 Bd7 33. g5 Qe4 34. Rf3 hxg5 35. hxg5 Qg4 36. Rg3 Qh5+ 37. Kg1 Rxg5 38. Rxg5
Qxg5+ 0-1

[Event "11e tournoi d'automne - tournoi B"]
[Site "Montigny le Bretonneux"]
[Date "2012.11.01"]
[Round "6.3"]
[White "Couradin, Bruno"]
[Black "Gazay, Didier"]
[Result "0-1"]
[WhiteElo "1752"]
[BlackElo "1837"]
[PlyCount "26"]
[EventDate "2012.10.??"]
[EventType "tourn"]
[EventRounds "9"]
[EventCountry "FRA"]
[SourceDate "2005.09.12"]

{Défense française, variante d'échange} 1. e4 e6 2. d4 d5 3. exd5 exd5 4. c4
Nf6 5. Bg5 Be7 6. Nc3 dxc4 7. Bxc4 O-O 8. Nf3 Bg4 9. O-O Nbd7 10. Rc1 c6 11. a4
Qa5 12. Re1 Bxf3 13. Qxf3 Qxg5 0-1

[Event "11e tournoi d'automne - tournoi B"]
[Site "Montigny le Bretonneux"]
[Date "2012.11.01"]
[Round "6.4"]
[White "Branson, James"]
[Black "Fayolle, Guy"]
[Result "1/2-1/2"]
[WhiteElo "1705"]
[BlackElo "1801"]
[PlyCount "173"]
[EventDate "2012.10.??"]
[EventType "tourn"]
[EventRounds "9"]
[EventCountry "FRA"]
[SourceDate "2005.09.12"]

{Gambit du roi} 1. e4 e5 2. f4 Bc5 3. Nf3 d6 4. c3 Nc6 5. Bb5 a6 6. Bxc6+ bxc6
7. Qa4 exf4 8. d4 Bb6 9. Bxf4 Bd7 10. Nbd2 c5 11. Qc2 cxd4 12. cxd4 Ne7 13. Bg5
f6 14. Bh4 O-O 15. O-O Ng6 16. Bf2 Qe8 17. h4 Nf4 18. Be3 Ne6 19. Rae1 Qg6 20.
Qb3 Rab8 21. Qd5 Kh8 22. e5 fxe5 23. dxe5 Bxe3+ 24. Rxe3 Nf4 25. Ng5 Nxd5 26.
Ref3 Rxf3 27. Rxf3 dxe5 28. Nf7+ Kg8 29. Nxe5 Bc6 30. Nxg6 hxg6 31. Nc4 Rf8 32.
Rb3 Bb5 33. Ne5 Kh7 34. Nf3 Kh6 35. g4 Be2 36. Ne5 Rf4 37. Rb8 Kh7 38. h5 gxh5
39. g5 g6 40. Rd8 Rf1+ 41. Kh2 Nf4 42. Rd7+ Kg8 43. Rd8+ Kg7 44. Rd7+ Kf8 45.
Rxc7 h4 46. Rf7+ Ke8 47. Rh7 Rf2+ 48. Kh1 Bf3+ 49. Nxf3 Rxf3 50. Ra7 Rf1+ 51.
Kh2 Rf2+ 52. Kh1 Rxb2 53. Rxa6 Ke7 54. a4 Ne6 55. a5 Rb5 56. Ra7+ Kd6 57. a6
Nc7 58. Kg2 Rxg5+ 59. Kh3 Rh5 60. Rb7 Nxa6 61. Rb6+ Ke5 62. Rxa6 g5 63. Ra5+
Kf4 64. Ra4+ Ke3 65. Rg4 Kf3 66. Rg2 Kf4 67. Rg4+ Kf5 68. Rg2 Rh7 69. Rf2+ Kg6
70. Rf3 Rf7 71. Ra3 Rf5 72. Ra6+ Kh5 73. Ra4 Rf3+ 74. Kg2 Rg3+ 75. Kh2 Rg4 76.
Ra3 Rc4 77. Kg2 Kg4 78. Rb3 Rc2+ 79. Kg1 h3 80. Kh1 Kh4 81. Kg1 g4 82. Rb4 h2+
83. Kh1 Kh3 84. Rb3+ g3 85. Rxg3+ Kh4 86. Rg2 Rxg2 87. Kxg2 1/2-1/2

[Event "11e tournoi d'automne - tournoi B"]
[Site "Montigny le Bretonneux"]
[Date "2012.11.01"]
[Round "6.5"]
[White "Jean, Robert"]
[Black "Bouvier, Clement"]
[Result "1/2-1/2"]
[WhiteElo "1725"]
[BlackElo "1905"]
[PlyCount "30"]
[EventDate "2012.10.??"]
[EventType "tourn"]
[EventRounds "9"]
[EventCountry "FRA"]
[SourceDate "2005.09.12"]

{Ouverture angaise} 1. c4 g6 2. g3 d5 3. cxd5 Qxd5 4. Nf3 Bg7 5. Nc3 Qd6 6. Bg2
e5 7. d3 Ne7 8. Qc2 O-O 9. O-O c6 10. Ne4 Qc7 11. Bd2 h6 12. Rac1 f5 13. Nc3
Be6 14. Ne1 Qd7 15. Na4 Na6 1/2-1/2

[Event "11e tournoi d'automne - tournoi C"]
[Site "Montigny le Bretonneux"]
[Date "2012.11.01"]
[Round "6.1"]
[White "Urtado, Olivier"]
[Black "Rousseau, Matthieu"]
[Result "1-0"]
[WhiteElo "1626"]
[BlackElo "1620"]
[PlyCount "133"]
[EventDate "2012.10.??"]
[EventType "tourn"]
[EventRounds "9"]
[EventCountry "FRA"]
[SourceDate "2005.09.12"]

{Défense française, variante d'avance} 1. e4 e6 2. d4 d5 3. e5 c5 4. Nf3 Nc6 5.
Bd3 Bd7 6. O-O cxd4 7. Re1 Bb4 8. c3 dxc3 9. bxc3 Bc5 10. Bf4 Nge7 11. Bg3 Qb6
12. Qc2 h6 13. Nbd2 Nf5 14. Bxf5 exf5 15. Rab1 Qd8 16. Rxb7 Bb6 17. e6 fxe6 18.
Qxf5 Qf6 19. Qxd5 Rd8 20. Rxd7 Rxd7 21. Qxc6 Ke7 22. Ne4 Qf7 23. Ne5 Qe8 24.
Qxd7+ Qxd7 25. Nxd7 Kxd7 26. Rd1+ Ke7 27. c4 Rc8 28. c5 Bc7 29. Bxc7 Rxc7 30.
h3 e5 31. Rb1 Ke6 32. f3 Kd5 33. Kf2 Kc4 34. c6 a5 35. Rb7 Rxc6 36. Rxg7 Kd4
37. Rd7+ Kc4 38. Rd2 a4 39. Rc2+ Kd5 40. Rxc6 Kxc6 41. Ke3 a3 42. Kd3 Kb5 43.
Kc3 Ka4 44. Nd6 h5 45. Nf7 Kb5 46. Nxe5 Kc5 47. Kb3 Kd5 48. Ng6 Ke6 49. Nf4+
Kf5 50. Nxh5 Kg5 51. g4 Kg6 52. Kxa3 Kg5 53. Kb4 Kh6 54. a4 Kg5 55. a5 Kh4 56.
a6 Kxh3 57. a7 Kh4 58. a8=Q Kh3 59. Qf8 Kg2 60. Qf4 Kf1 61. Kc3 Kf2 62. Kd2 Kf1
63. g5 Kf2 64. g6 Kg2 65. Ke2 Kg1 66. g7 Kg2 67. g8=Q+ 1-0

[Event "11e tournoi d'automne - tournoi C"]
[Site "Montigny le Bretonneux"]
[Date "2012.11.01"]
[Round "6.2"]
[White "Krestinine, Michka"]
[Black "Bouloc, Roger"]
[Result "1/2-1/2"]
[WhiteElo "1505"]
[BlackElo "1450"]
[PlyCount "100"]
[EventDate "2012.10.??"]
[EventType "tourn"]
[EventRounds "9"]
[EventCountry "FRA"]
[SourceDate "2005.09.12"]

{Défense sicilienne} 1. e4 c5 2. Nf3 d6 3. d4 cxd4 4. Nxd4 e6 5. Nc3 a6 6. f4
Be7 7. Be3 Nc6 8. Qd2 Nf6 9. O-O-O O-O 10. h3 d5 11. e5 Ne4 12. Nxe4 dxe4 13.
Be2 Qc7 14. g4 b5 15. a3 b4 16. Nxc6 Qxc6 17. axb4 Qa4 18. Qd4 Bxb4 19. b3 Qa3+
20. Qb2 Bb7 21. Qxa3 Bxa3+ 22. Kb1 a5 23. Rd4 Bc5 24. Rd7 Bxe3 25. Rxb7 Bd2 26.
f5 Rab8 27. Rxb8 Rxb8 28. Rd1 e3 29. Ka2 Kf8 30. Bc4 Ke7 31. Be2 Rc8 32. c4 Rc5
33. Rb1 Rxe5 34. fxe6 Kxe6 35. Rf1 f5 36. gxf5+ Rxf5 37. Rxf5 Kxf5 38. Kb2 Ke5
39. Kc2 Kd4 40. Kb2 g6 41. Kc2 h5 42. Kb2 h4 43. Kc2 Bb4 44. Kb2 Ke4 45. Kc2 g5
46. Bg4 Kd4 47. Bf3 Bd2 48. Bg4 Ke5 49. Kd3 Bc1 50. Bf3 Bd2 1/2-1/2

[Event "11e tournoi d'automne - tournoi C"]
[Site "Montigny le Bretonneux"]
[Date "2012.11.01"]
[Round "6.3"]
[White "Engel, Gerard"]
[Black "Krestinine, Nikita"]
[Result "0-1"]
[WhiteElo "1684"]
[BlackElo "1403"]
[PlyCount "75"]
[EventDate "2012.10.??"]
[EventType "tourn"]
[EventRounds "9"]
[EventCountry "FRA"]
[SourceDate "2005.09.12"]

{Ouverture anglaise, défense anglo-indienne} 1. c4 e6 2. g3 Nf6 3. Bg2 d5 4. b3
dxc4 5. Nc3 Bb4 6. Bb2 O-O 7. Nf3 Nc6 8. bxc4 Qd7 9. O-O b6 10. a3 Bd6 11. Nb5
Be7 12. Ne5 Nxe5 13. Bxa8 Nxc4 14. Bxf6 Bxf6 15. Nc3 Nxd2 16. Rc1 Bxc3 17. Rxc3
Nxf1 18. Qxd7 Bxd7 19. Bg2 Nxh2 20. Kxh2 c5 21. e3 Rd8 22. Rd3 Kf8 23. a4 Ke7
24. Ra3 Rc8 25. Bf1 c4 26. Ra1 c3 27. Bb5 Bxb5 28. axb5 c2 29. Rc1 Rc4 30. Kg2
Kd6 31. Kf3 Kc5 32. Ke2 Kxb5 33. Kd2 a5 34. f3 a4 35. e4 a3 36. Ra1 c1=Q+ 37.
Rxc1 Rxc1 38. Kxc1 0-1

[Event "11e tournoi d'automne - tournoi C"]
[Site "Montigny le Bretonneux"]
[Date "2012.11.01"]
[Round "6.4"]
[White "Franiatte, Sylvain"]
[Black "Mongey, Alain"]
[Result "1/2-1/2"]
[WhiteElo "1447"]
[BlackElo "1652"]
[PlyCount "87"]
[EventDate "2012.10.??"]
[EventType "tourn"]
[EventRounds "9"]
[EventCountry "FRA"]
[SourceDate "2005.09.12"]

{Défense sicilienne, variante Rossolimo} 1. e4 e6 2. Nf3 c5 3. Nc3 Nc6 4. Bc4
a6 5. a3 b5 6. Ba2 Qc7 7. O-O Nf6 8. d4 d6 9. d5 Nd8 10. Re1 Be7 11. b4 cxb4
12. Nb1 bxa3 13. Bxa3 e5 14. Nbd2 Bg4 15. Qc1 O-O 16. c4 bxc4 17. Qxc4 Qxc4 18.
Bxc4 Ne8 19. Nxe5 f5 20. Nxg4 fxg4 21. Bb2 Nc7 22. Bd4 Nf7 23. Reb1 Bf6 24.
Bxf6 gxf6 25. f4 gxf3 26. gxf3 Ne5 27. Be2 Rf7 28. Nc4 Rg7+ 29. Kf2 Ne8 30.
Nxe5 fxe5 31. Rxa6 Rc8 32. Rc6 Rgc7 33. Rbc1 Rxc6 34. Rxc6 Rb8 35. Rc1 Rb2 36.
Rg1+ Kf7 37. Rg3 Nf6 38. Rg2 Nh5 39. Ke3 Nf4 40. Rf2 h5 41. Bf1 Rb3+ 42. Kd2
Rb2+ 43. Kc1 Rb1+ 44. Kd2 1/2-1/2

[Event "11e tournoi d'automne - tournoi A"]
[Site "Montigny le Bretonneux"]
[Date "2012.11.02"]
[Round "7.1"]
[White "Gouanelle, Franck"]
[Black "Trommsdorf, Fro"]
[Result "1/2-1/2"]
[WhiteElo "2100"]
[BlackElo "2040"]
[PlyCount "87"]
[EventDate "2012.10.??"]
[EventType "tourn"]
[EventRounds "9"]
[EventCountry "FRA"]
[SourceDate "2005.09.12"]

{Défense sicilienne, variante Scheveningue} 1. e4 c5 2. Nf3 e6 3. d4 cxd4 4.
Nxd4 Nc6 5. Nc3 Qc7 6. Be3 Nf6 7. Be2 Bb4 8. Ndb5 Qb8 9. a3 Be7 10. O-O a6 11.
Nd4 Qc7 12. f4 d6 13. a4 Bd7 14. Nb3 b6 15. Kh1 Nb4 16. a5 b5 17. Bb6 Qb8 18.
Bf3 Bc6 19. Nd4 Bb7 20. e5 Nfd5 21. Nxd5 Nxd5 22. Nf5 Nxb6 23. Nxe7 d5 24. axb6
Kxe7 25. Qe1 Qd8 26. f5 exf5 27. Qb4+ Ke6 28. Bg4 g6 29. Qf4 Kd7 30. Bxf5+ Kc6
31. Bh3 Rf8 32. Qd4 f5 33. exf6 Qxb6 34. Qc3+ Qc5 35. Bd7+ Kd6 36. Qh3 Qd4 37.
Qe6+ Kc7 38. c3 Qe4 39. Qh3 d4 40. cxd4 Qxg2+ 41. Qxg2 Bxg2+ 42. Kxg2 Kxd7 43.
f7 Kd6 44. Rf6+ 1/2-1/2

[Event "11e tournoi d'automne - tournoi A"]
[Site "Montigny le Bretonneux"]
[Date "2012.11.02"]
[Round "7.2"]
[White "Ben Khelifa, Noomene"]
[Black "Plantet, Marc"]
[Result "1-0"]
[WhiteElo "2093"]
[BlackElo "1869"]
[PlyCount "43"]
[EventDate "2012.10.??"]
[EventType "tourn"]
[EventRounds "9"]
[EventCountry "FRA"]
[SourceDate "2005.09.12"]

{Gambit dame, défense semi-slave} 1. d4 d5 2. c4 e6 3. Nf3 Nf6 4. Nc3 c6 5. e3
Nbd7 6. Bd3 dxc4 7. Bxc4 b5 8. Bd3 b4 9. Ne4 Bb7 10. Nxf6+ Nxf6 11. e4 Qa5 12.
Qe2 Be7 13. e5 Nd7 14. O-O c5 15. Bb5 Rd8 16. dxc5 Bxc5 17. Rd1 Bd5 18. Rxd5
exd5 19. e6 fxe6 20. Qxe6+ Be7 21. Bg5 Qxb5 22. Qxe7# 1-0

[Event "11e tournoi d'automne - tournoi A"]
[Site "Montigny le Bretonneux"]
[Date "2012.11.02"]
[Round "7.3"]
[White "Van Dongen, Patrick"]
[Black "Girard, Eric"]
[Result "1-0"]
[WhiteElo "2320"]
[BlackElo "2122"]
[PlyCount "57"]
[EventDate "2012.10.??"]
[EventType "tourn"]
[EventRounds "9"]
[EventCountry "FRA"]
[SourceDate "2005.09.12"]

{Défense hollandaise, variante principale} 1. d4 e6 2. Nf3 f5 3. g3 Nf6 4. Bg2
Be7 5. c4 O-O 6. O-O d6 7. Nc3 Ne4 8. Qc2 Nxc3 9. Qxc3 a5 10. c5 Nc6 11. cxd6
cxd6 12. d5 exd5 13. Nd4 Nxd4 14. Qxd4 Be6 15. Bxd5 Qd7 16. Qc4 Bxd5 17. Qxd5+
Kh8 18. Bf4 Ra6 19. Rac1 Bf6 20. Rc2 g5 21. Bd2 Re8 22. Rfc1 Rc6 23. Rxc6 bxc6
24. Rxc6 Re5 25. Qxd6 Qxd6 26. Rxd6 Rxe2 27. Kf1 Be7 28. Kxe2 Bxd6 29. Bxa5 1-0

[Event "11e tournoi d'automne - tournoi A"]
[Site "Montigny le Bretonneux"]
[Date "2012.11.02"]
[Round "7.4"]
[White "Smati, Reda"]
[Black "Fruchard, Cyrille"]
[Result "1/2-1/2"]
[WhiteElo "2011"]
[BlackElo "1902"]
[PlyCount "97"]
[EventDate "2012.10.??"]
[EventType "tourn"]
[EventRounds "9"]
[EventCountry "FRA"]
[SourceDate "2005.09.12"]

{Défense française, variante Steinitz} 1. e4 e6 2. d4 d5 3. Nc3 Nf6 4. e5 Nfd7
5. Nce2 c5 6. c3 Nc6 7. a3 Qb6 8. Nf3 cxd4 9. cxd4 Be7 10. Nc3 f6 11. exf6 Nxf6
12. Bd3 O-O 13. O-O Bd7 14. Be3 Qc7 15. h3 a6 16. Rc1 Rae8 17. Ne5 Bd6 18. f4
Qb6 19. Qd2 Re7 20. Qf2 g6 21. b4 Nh5 22. Na4 Qd8 23. Nxd7 Qxd7 24. Nc5 Qe8 25.
Qh4 Ref7 26. g3 Bxc5 27. Rxc5 Qc8 28. Rfc1 Rc7 29. a4 Rff7 30. b5 axb5 31. axb5
Nd8 32. g4 Ng7 33. Qg3 Rxc5 34. Rxc5 Rc7 35. Qe1 b6 36. Rxc7 Qxc7 37. Qa1 Qb7
38. Qc3 Ne8 39. f5 gxf5 40. gxf5 Qg7+ 41. Kh2 exf5 42. Bf4 Ne6 43. Qc8 Nxf4 44.
Qxe8+ Qf8 45. Qxf8+ Kxf8 46. Bxf5 Ne2 47. Bxh7 Nxd4 48. Bd3 Nxb5 49. Bxb5
1/2-1/2

[Event "11e tournoi d'automne - tournoi A"]
[Site "Montigny le Bretonneux"]
[Date "2012.11.02"]
[Round "7.5"]
[White "Forissier, Nicolas"]
[Black "Veron, Cyprien"]
[Result "1-0"]
[WhiteElo "1938"]
[BlackElo "2052"]
[PlyCount "41"]
[EventDate "2012.10.??"]
[EventType "tourn"]
[EventRounds "9"]
[EventCountry "FRA"]
[SourceDate "2005.09.12"]

{Gambit dame, défense semi-slave} 1. d4 d5 2. c4 e6 3. Nc3 Nf6 4. Nf3 c6 5. e3
Nbd7 6. b3 Bd6 7. Bb2 O-O 8. Bd3 Qe7 9. Qc2 dxc4 10. bxc4 Re8 11. O-O e5 12.
Ne4 Nxe4 13. Bxe4 h6 14. Rfe1 g6 15. d5 c5 16. Bxg6 fxg6 17. Qxg6+ Kh8 18.
Qxh6+ Kg8 19. Qg6+ Kh8 20. Ng5 Nf6 21. Nf7+ 1-0

[Event "11e tournoi d'automne - tournoi B"]
[Site "Montigny le Bretonneux"]
[Date "2012.11.02"]
[Round "7.1"]
[White "Bouvier, Clement"]
[Black "Conq, Alain"]
[Result "1-0"]
[WhiteElo "1905"]
[BlackElo "1853"]
[PlyCount "51"]
[EventDate "2012.10.??"]
[EventType "tourn"]
[EventRounds "9"]
[EventCountry "FRA"]
[SourceDate "2005.09.12"]

{Défense sicilienne, gambit Morra} 1. e4 c5 2. d4 cxd4 3. c3 dxc3 4. Nxc3 Nc6
5. Nf3 e6 6. Bc4 Bb4 7. O-O Bxc3 8. bxc3 Nf6 9. Qe2 e5 10. Ba3 Qa5 11. Bd6 Qxc3
12. Rac1 Qa5 13. Ng5 Nd8 14. Bc7 Qxc7 15. Bxf7+ Nxf7 16. Rxc7 Nxg5 17. Qc4 Ke7
18. Qb4+ Kf7 19. f4 exf4 20. e5 Ne8 21. Qxf4+ Kg6 22. Qf5+ Kh6 23. Rc4 g6 24.
Rh4+ Kg7 25. Qxg5 Rf8 26. Qe7+ 1-0

[Event "11e tournoi d'automne - tournoi B"]
[Site "Montigny le Bretonneux"]
[Date "2012.11.02"]
[Round "7.2"]
[White "Fayolle, Guy"]
[Black "Jean, Robert"]
[Result "1-0"]
[WhiteElo "1801"]
[BlackElo "1725"]
[PlyCount "93"]
[EventDate "2012.10.??"]
[EventType "tourn"]
[EventRounds "9"]
[EventCountry "FRA"]
[SourceDate "2005.09.12"]

{Défense sicilienne, attaque Richter-Rauser} 1. e4 c5 2. Nf3 d6 3. d4 cxd4 4.
Nxd4 Nf6 5. Nc3 a6 6. Bg5 e6 7. Qd2 Nc6 8. O-O-O h6 9. Bh4 Nxe4 10. Nxe4 Qxh4
11. f3 d5 12. g3 Qd8 13. Nxc6 bxc6 14. c4 Qc7 15. Nf2 Be7 16. Kb1 Rb8 17. cxd5
cxd5 18. Nd3 O-O 19. Rc1 Qb6 20. f4 Bd7 21. Ne5 Rfd8 22. Ka1 Be8 23. Bd3 Bf6
24. h4 Qd6 25. Rhe1 Rb6 26. Re2 Rdb8 27. Qa5 Bd8 28. Qe1 Qe7 29. f5 f6 30. Nf3
e5 31. Nxe5 fxe5 32. Rxe5 Qf6 33. Rxe8+ Kh7 34. Rc3 Rxb2 35. Re6 Qd4 36. f6+
Qxd3 37. Rxd3 Bxf6 38. Rxf6 gxf6 39. Qe7+ Kg6 40. h5+ Kxh5 41. Rxd5+ Kg4 42.
Qg7+ Kh3 43. Qxh6+ Kxg3 44. Qg6+ Kf4 45. Qxf6+ Ke4 46. Qe6+ Kf3 47. Rf5+ 1-0

[Event "11e tournoi d'automne - tournoi B"]
[Site "Montigny le Bretonneux"]
[Date "2012.11.02"]
[Round "7.3"]
[White "Gazay, Didier"]
[Black "Branson, James"]
[Result "1-0"]
[WhiteElo "1837"]
[BlackElo "1705"]
[PlyCount "73"]
[EventDate "2012.10.??"]
[EventType "tourn"]
[EventRounds "9"]
[EventCountry "FRA"]
[SourceDate "2005.09.12"]

{Ouverture anglaise, variante des quatre cavaliers, structure du dragon} 1. c4
Nf6 2. g3 d5 3. cxd5 Nxd5 4. Bg2 Nc6 5. Nc3 Nb6 6. Nf3 e5 7. O-O Be7 8. d3 O-O
9. a3 a5 10. Be3 Be6 11. Rc1 Nd5 12. Bd2 f6 13. Ne4 Ra7 14. Nc5 Bc8 15. h4 b6
16. Ne4 Nd4 17. Nc3 Nxc3 18. Bxc3 Be6 19. Bxd4 exd4 20. Nd2 Qd7 21. Bc6 Qc8 22.
Qa4 Rd8 23. Nf3 Bh3 24. Rfe1 Qg4 25. Rc4 Qg6 26. Rxd4 Rxd4 27. Qxd4 Bd6 28. Kh2
Be6 29. e4 Qg4 30. e5 Qh3+ 31. Kg1 fxe5 32. Nxe5 g5 33. Bd5 gxh4 34. g4 Bxe5
35. Rxe5 Bxd5 36. Qxd5+ Kg7 37. Re7+ 1-0

[Event "11e tournoi d'automne - tournoi B"]
[Site "Montigny le Bretonneux"]
[Date "2012.11.02"]
[Round "7.4"]
[White "Rousseau, Philippe"]
[Black "Couradin, Bruno"]
[Result "1/2-1/2"]
[WhiteElo "1843"]
[BlackElo "1752"]
[PlyCount "83"]
[EventDate "2012.10.??"]
[EventType "tourn"]
[EventRounds "9"]
[EventCountry "FRA"]
[SourceDate "2005.09.12"]

{Défense sicilienne} 1. e4 c5 2. c4 Nc6 3. f4 e5 4. d3 Qc7 5. f5 g6 6. fxg6
hxg6 7. Nf3 Be7 8. Nc3 Nf6 9. Bd2 a6 10. a3 d6 11. Nd5 Nxd5 12. cxd5 Nd4 13.
Nxd4 exd4 14. Qf3 Bd7 15. Be2 f5 16. O-O-O Rf8 17. Bh6 Rf7 18. Qg3 O-O-O 19.
Kb1 Rg8 20. Bg5 Ba4 21. Rdf1 Qd8 22. Bd2 Bh4 23. Qf3 Qe8 24. g3 Bd8 25. Qg2 Qb5
26. Rc1 Rgf8 27. Rhf1 Ba5 28. Bh6 Bc3 29. Bd1 Qxd3+ 30. Ka2 Bxb2 31. Kxb2 Qb5+
32. Ka2 Bxd1 33. Rfxd1 Re8 34. exf5 Re2+ 35. Rd2 Rxg2 36. Rxg2 Rxf5 37. Bf4
Rxd5 38. h4 d3 39. Rc3 c4 40. Rd2 Kd7 41. Rb2 Qc6 42. Bd2 1/2-1/2

[Event "11e tournoi d'automne - tournoi B"]
[Site "Montigny le Bretonneux"]
[Date "2012.11.02"]
[Round "7.5"]
[White "Mabelly, Rudy"]
[Black "Duval, Dominique"]
[Result "1-0"]
[WhiteElo "1789"]
[BlackElo "1770"]
[PlyCount "33"]
[EventDate "2012.10.??"]
[EventType "tourn"]
[EventRounds "9"]
[EventCountry "FRA"]
[SourceDate "2005.09.12"]

{Défense sicilienne} 1. e4 g6 2. d4 Bg7 3. Nc3 c5 4. Nf3 b6 5. Be3 Bb7 6. Qd2
Nf6 7. d5 O-O 8. Bh6 d6 9. h4 Nbd7 10. h5 Ng4 11. Bxg7 Kxg7 12. Qg5 Ndf6 13.
Nh4 h6 14. Nf5+ Kh7 15. hxg6+ Kg8 16. Rxh6 Nxh6 17. Qxh6 1-0

[Event "11e tournoi d'automne - tournoi C"]
[Site "Montigny le Bretonneux"]
[Date "2012.11.02"]
[Round "7.1"]
[White "Mongey, Alain"]
[Black "Urtado, Olivier"]
[Result "1-0"]
[WhiteElo "1652"]
[BlackElo "1626"]
[PlyCount "59"]
[EventDate "2012.10.??"]
[EventType "tourn"]
[EventRounds "9"]
[EventCountry "FRA"]
[SourceDate "2005.09.12"]

{Défense hollandaise} 1. d4 f5 2. Nf3 Nf6 3. c4 c6 4. Nc3 d6 5. Bg5 Nbd7 6. h3
Qc7 7. e3 e5 8. Be2 Be7 9. Qc2 e4 10. Nd2 a6 11. b4 b6 12. a3 Bb7 13. Rc1 h6
14. Bf4 O-O-O 15. Nb3 g5 16. Bh2 Nf8 17. c5 Ng6 18. cxb6 Qd7 19. Na5 Kb8 20.
Na4 Rc8 21. Nc5 Qd8 22. Ncxb7 Qxb6 23. Qc5 Qxc5 24. bxc5 Bd8 25. Bxd6+ Ka7 26.
Rb1 Rh7 27. Nxd8 f4 28. Ndxc6+ Ka8 29. Rb6 Rxc6 30. Rb8+ 1-0

[Event "11e tournoi d'automne - tournoi C"]
[Site "Montigny le Bretonneux"]
[Date "2012.11.02"]
[Round "7.2"]
[White "Krestinine, Nikita"]
[Black "Franiatte, Sylvain"]
[Result "1-0"]
[WhiteElo "1403"]
[BlackElo "1447"]
[PlyCount "47"]
[EventDate "2012.10.??"]
[EventType "tourn"]
[EventRounds "9"]
[EventCountry "FRA"]
[SourceDate "2005.09.12"]

{Gambit dame} 1. d4 d5 2. c4 c6 3. Nc3 Nf6 4. Bg5 Nbd7 5. e3 h6 6. Bh4 e6 7.
cxd5 exd5 8. Bd3 Be7 9. Nf3 O-O 10. O-O Re8 11. Rc1 Qa5 12. Qd2 g5 13. Bg3 a6
14. Bb1 c5 15. Ne5 cxd4 16. Nxd7 Bxd7 17. Qxd4 Bc6 18. Be5 Qd8 19. Qd3 Ne4 20.
f3 Bf6 21. fxe4 Bxe5 22. exd5 Bxc3 23. Qh7+ Kf8 24. Qxf7# 1-0

[Event "11e tournoi d'automne - tournoi C"]
[Site "Montigny le Bretonneux"]
[Date "2012.11.02"]
[Round "7.3"]
[White "Bouloc, Roger"]
[Black "Engel, Gerard"]
[Result "0-1"]
[WhiteElo "1450"]
[BlackElo "1684"]
[PlyCount "132"]
[EventDate "2012.10.??"]
[EventType "tourn"]
[EventRounds "9"]
[EventCountry "FRA"]
[SourceDate "2005.09.12"]

{Défense sicilienne, variante du dragon} 1. e4 c5 2. Nf3 d6 3. d4 cxd4 4. Nxd4
Nf6 5. Nc3 g6 6. Bb5+ Bd7 7. Bxd7+ Qxd7 8. O-O Bg7 9. Qf3 Nc6 10. Nxc6 Qxc6 11.
Rb1 O-O 12. Bf4 Rac8 13. Rfc1 Rfe8 14. Qd3 a6 15. Nd5 Nxd5 16. exd5 Qa4 17. c4
b5 18. b3 Qxa2 19. cxb5 axb5 20. Qxb5 Rb8 21. Qd3 Qa8 22. h3 Rec8 23. Re1 Qb7
24. Qe4 Bf6 25. Qf3 Rc3 26. Re3 Rxe3 27. Bxe3 Qb4 28. Bh6 Qc3 29. Qd1 Qd4 30.
Qxd4 Bxd4 31. Be3 Bf6 32. b4 Rb5 33. g3 h5 34. h4 Kf8 35. Kf1 Ke8 36. Ke2 Kd7
37. Kd3 Rxd5+ 38. Kc4 e6 39. b5 Kc7 40. b6+ Kb7 41. Rb3 Ra5 42. Rb5 Ra6 43. Kb4
Bd8 44. Kc4 Bxb6 45. Rxb6+ Rxb6 46. Bxb6 Kxb6 47. f4 Kc6 48. Kd4 f6 49. Kc4 e5
50. Kd3 f5 51. Ke3 e4 52. Kd4 Kd7 53. Ke3 d5 54. Kd4 Kd6 55. Ke3 Kc5 56. Ke2 d4
57. Kd2 Kc4 58. Ke2 Kc3 59. Kf2 d3 60. Ke3 d2 61. g4 d1=Q 62. Kf2 Qf3+ 63. Kg1
hxg4 64. Kh2 g3+ 65. Kh3 g2+ 66. Kh2 Qf1 0-1

[Event "11e tournoi d'automne - tournoi C"]
[Site "Montigny le Bretonneux"]
[Date "2012.11.02"]
[Round "7.4"]
[White "Rousseau, Matthieu"]
[Black "Krestinine, Michka"]
[Result "1-0"]
[WhiteElo "1620"]
[BlackElo "1505"]
[PlyCount "115"]
[EventDate "2012.10.??"]
[EventType "tourn"]
[EventRounds "9"]
[EventCountry "FRA"]
[SourceDate "2005.09.12"]

{Défense Grünfeld, variante fermée} 1. d4 Nf6 2. c4 g6 3. Nc3 d5 4. e3 Bg7 5.
Nf3 O-O 6. Be2 Bg4 7. h3 Bxf3 8. Bxf3 c6 9. cxd5 cxd5 10. Qb3 Qd7 11. Nxd5 Nxd5
12. Bxd5 Nc6 13. Bxc6 Qxc6 14. O-O Rac8 15. Bd2 b6 16. Bc3 Rfd8 17. Rac1 Qd6
18. Bb4 Qd7 19. Qa3 e6 20. Rc3 Rxc3 21. Bxc3 Rc8 22. Qb3 Rc6 23. Rd1 Rd6 24.
Bb4 Rd5 25. Rc1 e5 26. dxe5 Bxe5 27. Qc2 h6 28. Qc8+ Qxc8 29. Rxc8+ Kh7 30. g3
Bxb2 31. Rc7 a5 32. Bf8 Rf5 33. Rc2 Bg7 34. Bd6 Rd5 35. Bc7 a4 36. Bxb6 Rb5 37.
Bd4 Bxd4 38. exd4 a3 39. Rc3 Rb1+ 40. Kg2 Rd1 41. Rxa3 Rxd4 42. Ra7 Kg7 43. a3
Kf8 44. a4 Ke8 45. a5 Ra4 46. g4 Ra3 47. f3 Ra2+ 48. Kg3 Ra4 49. h4 h5 50. gxh5
gxh5 51. Ra8+ Ke7 52. a6 Kf6 53. a7 Kg7 54. Kh3 f6 55. Kg3 f5 56. f4 Kf7 57.
Rh8 Rxa7 58. Rh7+ 1-0